Normal view
MARC view
- Japan
Entry Geographic Name
001 - CONTROL NUMBER
- control field: 101890
003 - CONTROL NUMBER IDENTIFIER
- control field: NUST
005 - DATE AND TIME OF LATEST TRANSACTION
- control field: 20221031114645.0
008 - FIXED-LENGTH DATA ELEMENTS
- fixed length control field: 221031|| aca||aabn | a|a d
040 ## - CATALOGING SOURCE
- Original cataloging agency: NUST
- Transcribing agency: NUST
151 ## - HEADING--GEOGRAPHIC NAME
- Geographic name: Japan
- General subdivision: Colonies
- Geographic subdivision: Asia
- General subdivision: Economic policy
670 ## - SOURCE DATA FOUND
- Source citation: Work cat.: (NUST)0: The Japanese colonial empire, 1895-1945 /, c1984.
